000 00946nam a22002417i 4500
005 20251230084211.0
008 250906s2025 jo a|||cr|||| 00| j ara d
020 _a9789957362171
040 _aJO-AmGAM
_erda
082 1 4 _a415
_bب ت ي
100 1 _aالبتيري، علي
_eمؤلف.
245 1 0 _aحكايات جحا الممتعة /
_cتأليف علي البتيري.
264 3 1 _aعمان :
_bدار الأسرة للنشر والتوزيع،
_c2025.
300 _a80 صفحة.
336 _2rdacontent
_aنص
_btxt
337 _2rdamedia
_aدون وسيط عرض
_bn
338 _2rdacarrier
_aمجلد
_bnc
500 _aجحا والخطاط - - جحا والدب الكبير - - جحا ورنين الدراهم - - جحا والدجاجة المطبوخة - - جحا وحمار تيمور لنك.
650 1 7 _aقواعد اللغة.
650 1 7 _aقصص الأطفال.
942 _2ddc
_cBK
999 _c247443
_d247443